000 00468nam a22001457a 4500
005 20250825105053.0
008 250825b |||||||| |||| 00| 0 eng d
100 _aNYAMETI EZEKIEL MOENGA
245 _aINFLUENCE OF MARKETING PRACTICES IN ACCESS TO LIBRARARY AND INFORMATION SERVICES AT KISII UNIVERSITY LIBRARY
260 _aKISII
_bKISII UNIVERSITY
_c2019
300 _aXIV, 133P.
500 _aINCLUDES AN INDEX
650 _aLIBRARY PLANNING
942 _2lcc
_cREF
999 _c216048
_d216048